| 000 | 00640nam a2200241Ia 4500 | ||
|---|---|---|---|
| 003 | OSt | ||
| 005 | 20221005090833.0 | ||
| 006 | a|||||r|||| 00| 0 | ||
| 007 | ta | ||
| 008 | 221004b |||||||| |||| 00| 0 eng d | ||
| 024 | _a76880 | ||
| 037 | _cTextual | ||
| 040 |
_aCRL _cCRL _beng |
||
| 041 |
_2eng _aeng |
||
| 082 | _aO142,3N05,WE, 111J9 | ||
| 100 |
_aRand Ayn Au. _9615662 |
||
| 245 | 0 | _aWe the living | |
| 260 |
_aNew York _bNew American library USA _c1959 |
||
| 300 |
_a446p _ccm. |
||
| 650 | _aENGLISH LITERATURE | ||
| 942 |
_hO142,3N05,WE, 111J9 _cTEXL _2cc |
||
| 999 |
_c996450 _d996450 |
||